000 02115nam a2200301Ia 4500
999 _c53516
_d53516
001 20562
003 GE_BSU
005 20210220213023.0
008 181216s2012||||ge |||||||||||||| ||geo||
020 _a978-9941-15-668-7
040 _cGE_BSU
041 _ageo
080 _a616.311(075.8) პ-38
245 _aპირის ღრუს ლორწოვანი გარსის დაავადებები :
_bსახელმძღვ. სტომატოლოგიის ფაკ. სტუდენტების, რეზიდენტებისა და ექიმი სტომატოლოგებისათვის /
_cმანანა ივერიელი, ნინო აბაშიძე, ხატია გოგიშვილი, ნინო გოგებაშვილი ; რედ. ნათია ნაფეტვარიძე ; დიზაინერი ია მახათაძე.
264 _aთბილისი :
_bთბილისის სახელმწიფო სამედიცინო უნ-ტი,
_c2012.
300 _a284 გვ. :
_b სურ. ;
_c27 სმ.
504 _aბიბლიოგრ. : გვ. 275
541 _h66 ლ.
653 _aმედიცინა
653 _aპირის ღრუს ლორწოვანი გარსის დაავადებები
700 _aივერიელი, მანანა
_eავტორი
_910162
700 _aაბაშიძე, ნინო
_eავტორი
_910163
700 _aგოგიშვილი, ხატია
_eავტორი
_97960
700 _aგოგებაშვილი, ნინო
_eავტორი
_97961
700 _a ნაფეტვარიძე, ნათია
_eრედაქტორი
_910164
710 _aთბილისის სახელმწიფო სამედიცინო უნივერსიტეტი
_99697
942 _cBK
_2udc